MARC

LEADER 00000nam0a2200000 4500
001 227999
005 20231101230836.0
035 |a (RuTPU)RU\TPU\book\248448 
090 |a 227999 
100 |a 20121213d1972 m y0rusy50 ca 
101 1 |a rus  |c eng 
102 |a RU 
105 |a a z 001zy 
200 1 |a Гравитация и Вселенная  |e пер. с англ.  |f Р. Дикке 
210 |a Москва  |c Мир  |d 1972 
215 |a 104 с.  |c ил. 
320 |a Библиография в конце лекций. 
606 1 |a Вселенная  |2 stltpush  |3 (RuTPU)RU\TPU\subj\3751  |9 32117 
606 1 |a Гравитация  |x (механика)  |2 stltpush  |3 (RuTPU)RU\TPU\subj\64891  |9 81591 
606 |a Всемирное тяготение  |x (астрономия)  |2 stltpush  |3 (RuTPU)RU\TPU\subj\38291  |9 58941 
610 1 |a опыт Этвеша 
610 1 |a Солнце 
610 1 |a сплюснутость 
610 1 |a релятивистская космология 
610 1 |a проблемы 
610 1 |a лекции 
675 |a 524.8  |v 3 
675 |a 531.5  |v 3 
675 |a 521.1  |v 3 
700 1 |a Дикке  |b Р.  |g Роберт 
801 1 |a RU  |b 63413507  |c 20121213 
801 2 |a RU  |b 63413507  |c 20140219  |g RCR 
942 |c BK